| 000 | 01113nam a2200301 i 4500 | ||
|---|---|---|---|
| 001 | bg | ||
| 003 | BPK | ||
| 005 | 20250820063551.0 | ||
| 008 | 000114s1980 pl a f f |000 0 eng | ||
| 015 | _aPB 1981/159 | ||
| 040 |
_aWA N _cBPK |
||
| 041 | 0 | _aeng | |
| 041 | 0 | _apol | |
| 080 | _a811.111 | ||
| 080 | _a621.3 | ||
| 080 | _a(075.8) | ||
| 100 | 1 |
_aSokołowska, Alina _c(filolożka) _eAutor |
|
| 245 | 1 | 0 |
_aElectricity and electronics : _bskrypt dla studentów wyższych szkół technicznych do przedmiotu Język angielski / _cAlina Sokołowska ; Politechnika Krakowska im. Tadeusza Kościuszki. |
| 260 |
_aKraków : _bPK, _c1980. |
||
| 300 |
_a153 s. : _bil. ; _c24 cm. |
||
| 650 | 4 |
_aElektronika _xterminologia. |
|
| 650 | 4 |
_aElektrotechnika _xterminologia. |
|
| 650 | 4 |
_aJęzyk angielski _xszkoły wyższe. |
|
| 655 | 4 | _aPodręczniki akademickie | |
| 710 | 2 |
_aPolitechnika Krakowska im. Tadeusza Kościuszki _4pbl. |
|
| 856 |
_uhttp://koha.tu.koszalin.pl/cgi-bin/koha/opac-detail.pl?biblionumber=19588 _yKatalog online BPK |
||
| 942 |
_2UKD _cKS |
||
| 999 |
_c19588 _d19588 |
||